| LEADER |
01599nam0a2200241 450 |
| 001 |
16868341 |
| 010 |
|
|
|a 978-2-38233-005-0
|b rel.
|d 15,9
|
| 100 |
|
|
|a 20260529d2026 u u0frey01 ba
|
| 101 |
0 |
|
|a fre
|
| 102 |
|
|
|a FR
|
| 200 |
0 |
|
|a dit des cigales (Le)
|f scénario, Christophe Arleston, Audrey Alwett
|g dessins, Mini Ludvin - couleurs, Hélène Lenoble
|
| 207 |
|
1 |
|a
|
| 210 |
|
|
|a Charnay-lès-Mâcon (Saône-et-Loire)
|c Drakoo
|d DL 2021
|
| 215 |
|
|
|a 1 vol. (79 p.)
|c ill. en coul.
|d 30 cm
|
| 225 |
1 |
|
|a Le grimoire d'Elfie
|
| 330 |
|
|
|a Une aventure touchante qui plonge les trois súurs dans le passé de leur mère, Mélusine. Elfie et ses deux súurs, Louette et Magda, arrivent avec leur bus-librairie à Gonerbes, un village de Provence écrasé par le soleil. Elles y rendent visite à Alistair Kinloch, un écrivain autrefois ami de leur mère. Mais Alistair ne parvient plus à écrire. Sa machine à écrire a été volée et son inspiration avec.Dans cette bourgade où ne manquent pas les fortes personnalités, Elfie enquête. Qui en veut à Alistair ? Et pourquoi ? Grace à son grimoire qu'elle doit recharger d'histoires, Elfie va pouvoir compter sur l'aide de la magie...Une aventure touchante qui plonge les trois súurs dans le souvenir de leur mère, Mélusine.
|
| 461 |
|
0 |
|t Le grimoire d'Elfie
|
| 700 |
|
0 |
|a Arleston
|b Christophe
|f 1963-....
|4 70
|
| 701 |
|
0 |
|a Alwett
|b Audrey
|f 1982-....
|4 70
|
| 702 |
|
0 |
|a Mini Ludvin
|4 440
|
| 900 |
|
|
|a Bande Dessinée (enfants)
|
| 901 |
|
|
|a Jeunesse
|
| 995 |
|
|
|a Médiathèque
|c Médiathèque
|f 089021899
|h 089021899
|k BD GRI
|o p
|q j
|r az
|e Médiathèque
|